000 00740cam a2200205 4500
001 ABS65564
008 020521n2002 000 0 eng u
035 _a(Sirsi) u118079
245 _aGuidance on business rate changes
260 _c2002
490 _aInsight
_v4(10) May 2002, 5(1)
520 _aSummarises recent guidance issued by DTLR on regulation changes on business rate appeals; transitional relief and hardship caused by foot and mouth rate relief. Available at: www.local.detr.gov.uk/finance/busrats/bri14302.doc
590 _aABS
650 _aBUSINESS RATE APPEALS
650 _aTRANSITIONAL RELIEF
650 _aFOOT-AND-MOUTH DISEASE
650 _aDTLR
690 _aRATING AND LOCAL TAXATION
942 _n0
999 _c70318
_d70318